000 00425nam a2200157Ia 4500
008 100122s9999 xx 000 0 und d
082 _b67495
_a823
100 _aBLYTON ENID
245 _aTHE ADVENTUROUS FOUR - SHIPWRECKED
250 _a1
260 _bHARPER COLLINS PUBLISHERS
_c1998
300 _a188
630 _aTHE ADVENTUROUS FOUR - SHIPWRECKED
730 _aTHE ADVENTUROUS FOUR - SHIPWRECKED
942 _cBOOK
999 _c381002
_d380999